Pokédex de Kalos: Centre - Statistiques

Statistiques générales
  • Ce quiz a été pris 44 fois
  • Le résultat moyen est 102 sur 153
Statistiques - réponses
Pokédex de Kalos: Centre % Correct
Amphinobi
100%
Grenousse
100%
Braisillon
95%
Croâporal
95%
Excavarenne
95%
Feunnec
95%
Flambusard
95%
Goupelin
95%
Marisson
95%
Passerouge
95%
Sapereau
95%
Blindépique
90%
Boguérisse
90%
Lépidonille
90%
Pérégrain
90%
Prismillon
90%
Roucarnage
90%
Roucool
90%
Roucoups
90%
Roussil
90%
Aspicot
85%
Cabriolaine
85%
Chenipan
85%
Chevroum
85%
Chrysacier
85%
Coconfort
85%
Dardargnan
85%
Dimoclès
85%
Exagide
85%
Hélionceau
85%
Monorpale
85%
Némélios
85%
Papilusion
85%
Pichu
85%
Pikachu
85%
Raichu
85%
Bulbizarre
80%
Carabaffe
80%
Carapuce
80%
Cocotine
80%
Couafarel
80%
Cupcanaille
80%
Dracaufeu
80%
Feuillajou
80%
Feuiloutan
80%
Flabébé
80%
Flamajou
80%
Flamoutan
80%
Floette
80%
Florizarre
80%
Flotajou
80%
Flotoutan
80%
Fluvetin
80%
Herbizarre
80%
Léviator
80%
Lucario
80%
Magicarpe
80%
Reptincel
80%
Riolu
80%
Salamèche
80%
Sucroquin
80%
Tortank
80%
Arakdo
75%
Florges
75%
Insolourdo
75%
Linéon
75%
Maskadra
75%
Mistigrix
75%
Pandarbare
75%
Pandespiègle
75%
Psystigri
75%
Zigzaton
75%
Apireine
70%
Apitrini
70%
Azumarill
70%
Azurill
70%
Cheniselle
70%
Cheniti
70%
Goinfrex
70%
Marill
70%
Mystherbe
70%
Nosferalto
70%
Nosferapti
70%
Nostenfer
70%
Ortide
70%
Papilord
70%
Rafflesia
70%
Ronflex
70%
Brutapode
65%
Queulorior
65%
Scobolide
65%
Venipatte
65%
Abra
60%
Alakazam
60%
Castorno
60%
Coatox
60%
Coxy
60%
Coxyclaque
60%
Cradopaud
60%
Gallame
60%
Gardevoir
60%
Kadabra
60%
Keunotor
60%
Kirlia
60%
Nanméouie
60%
Tarsal
60%
Akwakwak
55%
Avaltout
55%
Canarticho
55%
Colhomard
55%
Ecrapince
55%
Fouinar
55%
Fouinette
55%
Gloupti
55%
Joliflor
55%
Négapi
55%
Poissirène
55%
Poissoroy
55%
Posipi
55%
Psykokwak
55%
Rosélia
55%
Roserade
55%
Rozbouton
55%
Baggaid
45%
Baggiguane
45%
Lumivole
45%
Muciole
45%
Brouhabam
40%
Chuchmur
40%
Couaneton
40%
Diancie
40%
Hoopa
40%
Lakmécygne
40%
Ramboum
40%
Volcanion
40%
Cotovol
35%
Delcatty
35%
Floravol
35%
Granivol
35%
Incisache
35%
Munja
35%
Ningale
35%
Ninjask
35%
Skitty
35%
Tranchodon
35%
Charmina
25%
Dodrio
25%
Doduo
25%
Kecleon
25%
Méditikka
25%
Carvanha
15%
Sharpedo
15%
Coupneotte
0%
Aucun quiz correspondant
Distribution des résultats
% des personnes avec chaque résultat
Percentile par nombre de réponses
Votre historique - résultats
Vous n’avez pas pris ce quiz